| 000 | 00380nam a2200157Ia 4500 | ||
|---|---|---|---|
| 003 | OSt | ||
| 005 | 20231123062213.0 | ||
| 008 | 170524s9999 xx 000 0 und d | ||
| 020 | _a0-19-806109-9 | ||
| 040 | _cIIMT UNIVERSITY | ||
| 100 | _aRAGHUBALAN-G | ||
| 100 | _c2010 | ||
| 245 | 0 | _aHOTEL HOUSEKEEPING OPERATIONS & MANAGEMENT | |
| 260 | _aOxford University | ||
| 942 |
_2ddc _c02 |
||
| 999 |
_c2477 _d2477 |
||